00616nam a2200157 u 450000100100000000500170001000800410002702000150006804000250008308200250010824500810013326000770021430000270029195201230031899900170044100002033120200929170353.0100813s1976 dr a 000 0 spa d a8437300010 aDO-SdBNPbspacBNPHU axxxxxxxxxbxxxxxxxxx00aRepública Dominicana en el Universo :batlas geográfico, banco de datos. aSanto Domingo :bInstituto americano del librobEdiciones biblos,c1976. a80 p. :bil. ;c30 cm. 0010718PDaPDbPDcHDd2017-05-08iLF1l0oxxxxxxxxx xxxxxxxxxp20331-10r2020-06-25w2020-06-25yLFPDZNo se presta c19835d19835